000 00448nam a2200181Ia 4500
001 4371
005 20260306145751.0
008 260306t2007||||xx |||||||||||||| ||spa||
041 _aESP
082 _a320.985
_bM12
100 _aMc Evoy, Carmen
_eAUT
245 0 _aHomo politicus:
_bManuel Pardo, la polĂ­tica peruana y sus dilemas, 1871-1878
260 _c2007
300 _a
_c
650 _aGEN
654 _aCDE
942 _cLIB
_dJUS
_fJUS
_2ddc
_n
999 _c4371
_d4371